01647 a2200229 45000010006000000050017000060080041000230030015000640400040000790800033001192450020001522500012001722640032001843000024002165051026002401000023012667000021012897000025013107000018013357000027013537000037013802607120260407155542.0260407a1994 arg spa dAR-UNSa-BCEJYS aAR-UNSa-BCEJYSbspacAR-UNSa-BCEJYS a330.101.541xMacroeconomía10aMacroeconomía a4a. ed. 1aMadrid :bMcGraw-Hillc1994 axix, 785 p.c23 cm. a1. Introducción - 2. La contabilidad nacional - 3. La demanda agregada y la renta y producción de equilibrio - 4. El dinero, el interés, y la renta - 5. La política fiscal, el efecto desplazamiento y la combinación de políticas económicas - 6. La relaciones internacionales - 7. La oferta y la demanda agregadas: Introducción - 8. El consumo y el ahorro - 9. La inversión - 10. La demnada de dinero - 11. La oferta de dinero y la política monetaria - 12. La política de estabilización : perspectivas y problemas - 13. La oferta agregada : Los salarios, los precios y el empleo - 14. La relación de intercambio entre la inflación y el desempleo - 15. La relación de intercambio entre la inflación y el desempleo - 16. Los deficit presupuestarios y la deuda pública - 17. El dinero, los déficit y la inflación - 18. La macroeconomía : la interacción de los hechos y las ideas - 19. El crecimiento a largo plazo y la productividad - 20. El dinero, los precios y los tipos de cambio1 aDornbusch, Rudiger1 aFischer, Stanley1 aGarcia-Pardo, Jimena1 aOjeda, Alonso1 aToharia Cortés, Luis1 aGarcía Durán, José Antonio